01779nam a2200361 i 4500001001000000003000900010005001700019007000300036008004100039020001800080040003000098041000900128082001900137100004300156245026200199264006200461300002500523336002700548337003300575338002800608490002500636490001300661500006700674504002800741590002700769910001400796942001400810952014100824952013500965952014101100952015901241999001701400000046762DO-SdBNP20250313083747.0ta180322s2013 dr 000 0 spa d a9789945412833 aDO-SdBNPbspacBNPHUerda1 aeng. axxxxbR4572221 aReyes, Yosmayra E974724eautora4aut.10aPerspectives of mental health development in the Dominican Republic :ba descriptive analysis of mental health developmet and treatment options availability through the study of a medical clinic in Monte Plata and national institutions /cYosmayra E. Reyes. 1a[Monte Plata], República Dominicana :bFUNGLODE,c2013. a71 páginasc21 cm. atextobtxt2rdacontent asin mediaciónbn2rdamedia avolumenbnc2rdacarrier1 aResearch and ideas ;1 aHealth ; aIncluye datos biografícos de la autora en la página 67-68. aBibliografía p: 63-66 aInventariado, 2018/ YL aYLockward 2ddccLBS1 00102ddc56708DSaBNPHUbBNPHUcCTd2018-03-22iLF1l0oBNPHU DS xxxx xxxp46762-30r2020-06-25te. 3w2020-06-25yLBS1ZNo se presta 00102ddc51708PDaBNPHUbBNPHUcCTd2018-03-22iLF1l0oBNPHU PD xxxx xxxp46762-10r2020-06-25w2020-06-25yLBS1ZNo se presta 00102ddc51708PDaBNPHUbBNPHUcCTd2018-03-22iLF1l0oBNPHU PD xxxx xxxp46762-20r2020-06-25te. 2w2020-06-25yLBS1ZNo se presta 00102ddc56708DSaBNPHUbBNPHUcCTd2024-10-23eDonado por Leopoldo MaldonadoiLF1l0oBNPHU DS xxxx xxxp2025-1834r2025-03-13te. 4w2025-03-13yLBS1 c46251d46251